| 000 | 00732nam a2200169 i 4500 | ||
|---|---|---|---|
| 001 | 158020 | ||
| 003 | ES-MaACL | ||
| 005 | 20250907063118.0 | ||
| 008 | 960320s1894 sp |||| | spa d | ||
| 100 | 1 |
_aLópez Domínguez, José, _d1829-1911 _973611 |
|
| 245 | 1 | 0 |
_aDiscursos pronunciados en el Congreso de los Diputados con motivo de los sucesos ocurridos en Melilla / _cpor el teniente general José López Domínguez. |
| 260 |
_aMadrid : _b[s.n.], _c1894 ( _fImp. y Litografía del Depósito de la Guerra) |
||
| 300 |
_a235 p. ; _c21 cm. |
||
| 650 | 4 |
_aGuerra de Melilla, 1893. _9149771 |
|
| 852 |
_aES-MaACL _jT-795-F-5 _z- Enc. hol. _q- Falto de cub. original _z- Enc. en un vol. facticio |
||
| 999 |
_c158020 _d158020 |
||